书目信息 |
| 题名: |
何休评传
|
|
| 作者: | 黄朴民 著 | |
| 分册: | ||
| 出版信息: | 南京 南京大学出版社 2011.04 |
|
| 页数: | 342页 | |
| 开本: | 23cm | |
| 丛书名: | 中国思想家评传丛书 | |
| 单 册: | ||
| 中图分类: | B234.995 | |
| 科图分类: | ||
| 主题词: | ||
| 电子资源: | ||
| ISBN: | 978-7-305-06007-6 | |
| 000 | 00938nam 2200277 450 | |
| 001 | 012011681030 | |
| 005 | 20111205143720.28 | |
| 010 | @a978-7-305-06007-6@dCNY45.00 | |
| 100 | @a20110806d2011 em y0chiy0120 ea | |
| 101 | 0 | @achi |
| 102 | @aCN@b320000 | |
| 105 | @ac a 001yb | |
| 106 | @ar | |
| 200 | 1 | @a何休评传@Ahe xiu ping chuan@f黄朴民著@Fhuang pu min zhu |
| 210 | @a南京@c南京大学出版社@d2011.04 | |
| 215 | @a342页@c肖像@d23cm | |
| 225 | 2 | @a中国思想家评传丛书@Azhong guo si xiang jia ping chuan cong shu@e典藏版 |
| 312 | @a英文并列题名取自封底 | |
| 320 | @a有书目和索引 | |
| 330 | @a本书是国内一部全面系统地评论何休学术思想成就的专著,全书共八章,分析了何休所处东汉晚期的政治形势、经学的困境。 | |
| 410 | 0 | @12001 @a中国思想家评传丛书 |
| 600 | 0 | @a何休,@Ahe xiu@f129-182@x评传 |
| 690 | @aB234.995@v4 | |
| 701 | 0 | @a黄朴民@Ahuang pu min@4著 |
| 801 | 0 | @aCN@bQSSK@c20111205 |
| 905 | @b795610@dB234.995@eH218@f1 | |
| 何休评传/黄朴民著.-南京:南京大学出版社,2011.04 |
| 342页:肖像;23cm.-(中国思想家评传丛书:典藏版) |
| ISBN 978-7-305-06007-6:CNY45.00 |
| 本书是国内一部全面系统地评论何休学术思想成就的专著,全书共八章,分析了何休所处东汉晚期的政治形势、经学的困境。 |
| ● |
| 相关链接 |
|
|
|
正题名:何休评传
索取号:B234.995/H218
 
预约/预借
| 序号 | 登录号 | 条形码 | 馆藏地/架位号 | 状态 | 备注 |
| 1 | 795610 | 207956103 | 社科库509/509社科库 14排3列3层/ [索取号:B234.995/H218] | 在馆 |